000 00617cam a22002177a 4500
020 _a9789814280006
020 _a9814280003
040 _cBTCTA
082 0 0 _a633 WOR 2009 A053 Or.
245 0 0 _aDrought frontiers in rice :
_bcrop improvement for increased rainfed production /
260 _aHackensack, N.J. :
_bWorld Scientific Publishing Company,
_cc2009.
300 _aviii, 400 p. :
_bill. (some col.), maps (some col.) ;
_c24 cm.
650 0 _aRice
650 0 _aRice
650 0 _aRice
650 0 _aGrain
700 1 _aSerraj, Rachid.
700 1 _aBennett, J.
700 1 _aHardy, B.
942 _cEK
999 _c14954
_d14954